000 00750nam a22001937a 4500
005 20210426130006.0
008 210426b mx ||||| |||| 00| 0 spa d
020 _a9786078332489
050 0 4 _aLB14 .7
_bE59 2014
245 0 0 _aEpistemología social y pensamiento crítico :
_bpensar la educación de otra manera
_c/ Julieta Espinosa, André D. Robert (coordinadores).
250 _a1a ed.
260 _aCuernavaca, Morelos, México :
_bUniversidad Autónoma del Estado de Morelos ;
_c2014.
300 _a328 p. :
_b21 cm.
490 0 _aColección Ediciones Minimas. Educación ;
_vnúmero 6
650 _2lemb
_aEducación
_xFilosofía
700 1 _aEspinosa, Julieta,
_eeditor.
700 1 _aRobert, André D.,
_deditor.
942 _2lcc
_cLIB
999 _c155593
_d155591